[Event "Berlin Lichtenberger op 14th"]
[Site "Berlin"]
[Date "2015.08.20"]
[Round "6"]
[White "Janse, Sebastiaan"]
[Black "Jacob, Karl"]
[Result "1-0"]
[WhiteElo "1725"]
[BlackElo "1784"]
[PlyCount "43"]
[EventDate "2015.08.15"]
[EventType "swiss"]
[EventRounds "9"]
[EventCountry "GER"]
[SourceTitle "EXT 2016"]
[Source "ChessBase"]
[SourceDate "2015.10.08"]
[SourceVersion "1"]
[SourceVersionDate "2015.10.08"]
[SourceQuality "1"]

1. e4 Nf6 2. e5 Nd5 3. d4 d6 4. Nf3 Bg4 5. Be2 Nc6 6. 0-0 e6 7. exd6 Bxd6 8. c4 Nf6 9. Nc3 a6 10. Be3 0-0 11. Qc2 Ne7 12. c5 Ned5 13. cxd6 Qxd6 14. Nxd5 Nxd5 15. h3 Bf5 16. Qd2 Rfd8 17. a3 Rd7 18. Bd3 Ne7 19. Rac1 Rad8 20. Ne5 Bxd3 21. Nxd3 Nf5 22. Nc5 1-0

[Event "Berlin Lichtenberger op 14th"]
[Site "Berlin"]
[Date "2015.08.17"]
[Round "3"]
[White "Jacob, Karl"]
[Black "Winkler, Johannes"]
[Result "1-0"]
[WhiteElo "1784"]
[BlackElo "1540"]
[PlyCount "45"]
[EventDate "2015.08.15"]
[EventType "swiss"]
[EventRounds "9"]
[EventCountry "GER"]
[SourceTitle "EXT 2016"]
[Source "ChessBase"]
[SourceDate "2015.10.08"]
[SourceVersion "1"]
[SourceVersionDate "2015.10.08"]
[SourceQuality "1"]

1. Nf3 d5 2. d4 Nf6 3. Bf4 c5 4. e3 cxd4 5. exd4 Nc6 6. c3 Bg4 7. Nbd2 Qb6 8. Qb3 Qxb3 9. axb3 Nh5 10. Bg3 Nxg3 11. hxg3 e6 12. Bd3 Bf5 13. Bxf5 exf5 14. 0-0 Be7 15. Rfe1 0-0 16. Ne5 Nxe5 17. Rxe5 Bf6 18. Rxd5 Rfe8 19. Kf1 g6 20. Rd7 Re7 21. Rxe7 Bxe7 22. Nc4 Kf8 23. Nb6 1-0

[Event "Berlin Lichtenberger op 14th"]
[Site "Berlin"]
[Date "2015.08.16"]
[Round "2"]
[White "Albert, Joerg"]
[Black "Jacob, Karl"]
[Result "1-0"]
[WhiteElo "2201"]
[BlackElo "1784"]
[PlyCount "49"]
[EventDate "2015.08.15"]
[EventType "swiss"]
[EventRounds "9"]
[EventCountry "GER"]
[SourceTitle "EXT 2016"]
[Source "ChessBase"]
[SourceDate "2015.10.08"]
[SourceVersion "1"]
[SourceVersionDate "2015.10.08"]
[SourceQuality "1"]

1. d4 f5 2. Nf3 e6 3. c3 d5 4. Bg5 Nf6 5. Nbd2 Be7 6. e3 Nbd7 7. Bd3 Ne4 8. Bxe7 Qxe7 9. Qc2 c6 10. 0-0 0-0 11. Ne5 g5 12. Nxd7 Bxd7 13. Bxe4 fxe4 14. f3 exf3 15. Nxf3 c5 16. Qe2 a6 17. b3 Rac8 18. Ne5 cxd4 19. exd4 Rxf1+ 20. Rxf1 Rxc3 21. Qd2 Rc7 22. Rf7 Qd8 23. Qd3 Rc1+ 24. Kf2 Rf1+ 25. Qxf1 1-0

[Event "GER-ch U25 op-A"]
[Site "Willingen"]
[Date "2015.05.30"]
[Round "9"]
[White "Jacob, Karl"]
[Black "Groening, Finn Jonathan"]
[Result "1-0"]
[WhiteElo "1786"]
[BlackElo "1702"]
[PlyCount "63"]
[EventDate "2015.05.24"]
[EventType "swiss"]
[EventRounds "9"]
[EventCountry "GER"]
[SourceTitle "CBM 166 Extra"]
[Source "ChessBase"]
[SourceDate "2015.06.18"]
[SourceVersion "1"]
[SourceVersionDate "2015.06.18"]
[SourceQuality "1"]

1. Nf3 Nf6 2. d4 g6 3. Bf4 Bg7 4. e3 d6 5. Bd3 0-0 6. 0-0 Nh5 7. Bg3 Nxg3 8. hxg3 Bg4 9. c3 c5 10. Nbd2 cxd4 11. exd4 Nc6 12. Qc2 Rc8 13. Qb3 Rc7 14. Rfe1 e5 15. dxe5 dxe5 16. Be4 Be6 17. Qa4 Qb8 18. Rad1 f5 19. Ng5 Bd7 20. Qb3+ Kh8 21. Bxc6 Rxc6 22. Nf7+ Rxf7 23. Qxf7 Be6 24. Qe7 Bxa2 25. Nf3 Bf6 26. Qb4 Rb6 27. Qc5 Rxb2 28. Nxe5 Bxe5 29. Rxe5 b6 30. Qe7 Rb1 31. Rxb1 Bxb1 32. Rd5 1-0

[Event "GER-ch U25 op-A"]
[Site "Willingen"]
[Date "2015.05.26"]
[Round "4"]
[White "Jacob, Karl"]
[Black "Pysarenko, Kyrill"]
[Result "0-1"]
[WhiteElo "1786"]
[BlackElo "1572"]
[PlyCount "94"]
[EventDate "2015.05.24"]
[EventType "swiss"]
[EventRounds "9"]
[EventCountry "GER"]
[SourceTitle "CBM 166 Extra"]
[Source "ChessBase"]
[SourceDate "2015.06.18"]
[SourceVersion "1"]
[SourceVersionDate "2015.06.18"]
[SourceQuality "1"]

1. Nf3 c5 2. e3 Nf6 3. d4 e6 4. Bd3 b6 5. Nbd2 Bb7 6. c3 d6 7. 0-0 Nbd7 8. e4 Qc7 9. Re1 Be7 10. Nf1 0-0 11. Bg5 Rfe8 12. N1d2 Rad8 13. Qc2 h6 14. Bh4 cxd4 15. Nxd4 a6 16. Bg3 Nh5 17. Re2 Nxg3 18. hxg3 Bf6 19. N2b3 Ne5 20. Rae1 Nxd3 21. Qxd3 b5 22. g4 Rd7 23. Qh3 Qb6 24. g3 a5 25. Nf3 b4 26. cxb4 Qxb4 27. Kg2 Kf8 28. Qh5 Rc7 29. Qxa5 Qxa5 30. Nxa5 Ba8 31. Rb1 Rb8 32. Ne1 Ra7 33. b4 Rxa5 34. Rb3 Rab5 35. Nd3 Ke8 36. f3 Be5 37. a4 R5b7 38. b5 Bd4 39. Nb4 Ra7 40. Ra2 Bf6 41. Rd3 Rb6 42. Na6 Bd8 43. Rad2 Ke7 44. Rc2 Bb7 45. Nb8 Rxa4 46. Nc6+ Bxc6 47. bxc6 Bc7 0-1